| 000 | 01122cam a22002771 4500 | ||
|---|---|---|---|
| 001 | sd 61000006 | ||
| 003 | DLC | ||
| 005 | 20260227112736.0 | ||
| 008 | 920417r19611960dcu f000 0 eng c | ||
| 010 | _asd 61000006 | ||
| 035 | _a(OCoLC)25667726 | ||
| 040 |
_aU.S. Dept. of State. Library _cDS _dDS _dDLC |
||
| 050 | 0 | 0 |
_aE183.7 _b.F745 |
| 100 | 1 |
_aFoster, H. Schuyler _q(Harry Schuyler), _d1905- |
|
| 245 | 1 | 4 |
_aThe role of the public in U.S. foreign relations. _b[Address made before the Foreign Policy Association of New Orleans at New Orleans, La., on Oct. 11, 1960. |
| 260 |
_aWashington] _bDept. of State _c[1961] |
||
| 300 |
_a20 p. _c22 cm. |
||
| 490 | 1 |
_a[U.S.] Dept. of State. Publication _v7113 |
|
| 490 | 1 |
_aGeneral foreign policy series, _v160 |
|
| 500 | _a"Reprinted from the Department of State Bulletin of November 28, 1960." | ||
| 650 | 0 |
_aPublic opinion _zUnited States. |
|
| 651 | 0 |
_aUnited States _xRelations. |
|
| 651 | 0 |
_aUnited States _xPublic opinion. |
|
| 830 | 0 |
_aDepartment of State publication ; _v7113. |
|
| 830 | 0 |
_aDepartment of State publication. _pGeneral foreign policy series ; _v160. |
|
| 999 |
_c90079 _d90079 |
||